| 000 | 00670nam a2200217Ia 4500 | ||
|---|---|---|---|
| 003 | GCL | ||
| 008 | 140319s9999 xx 000 0 ara d | ||
| 020 | _a3075605977 | ||
| 040 |
_aGCL / _cGCL |
||
| 082 | 0 | 4 |
_a801.95 _bم ف |
| 100 | 1 | _aمحمد مندور | |
| 245 | 1 | 0 |
_aفى الادب والنقد / _cمحمد مندور |
| 260 |
_aالقاهرة : _bنهضة مصر للطباعة والنشر والتوزيع ، _c1988 |
||
| 300 |
_a160 ص ؛ _c18سم |
||
| 490 | _a | ||
| 650 | 0 | 4 | _aالادب العربى |
| 650 | 0 | 4 | _aالنقد الادبى |
| 650 | 0 | 4 | _aعصر النهضة (1300 - 1494) |
| 650 | 0 | 4 | _aاليونان - النقد |
| 942 |
_2ddc _cBK |
||
| 999 |
_c31493 _d31493 |
||